000 00629nam a2200205 4500
001 120100
003 ES-MaACL
007 t|
008 070214s1954 sp r ||||1| spa d
100 0 _aPío
_bX,
_cPapa, Santo
_992299
245 1 0 _aCartas /
_cSan Pío X ; introducción y traducción de José Mª Javierre.
250 _a1ª ed.
260 _aBarcelona [etc.] :
_bJuan Flors,
_c1954.
300 _aXII, 343 p., 1 lám. ;
_c23 cm.
600 0 4 _9239958
_aPío
_bX,
_cPapa, Santo
700 1 _aJavierre, José María.
_966210
852 _aES-MaACL
_jC-8735
_bR.36775
942 _2udc
999 _c120100
_d120100